Loading...
| History - European History | 2 | 4 | 1 | 0 | 65 | 53 | 86.83 | 4 | 6 |
| History - Ancient History | 2 | 2 | 1 | 0 | 45 | 12 | 77.75 | 2 | 4 |
| Social Science | 1 | 2 | 0 | 1 | 35 | 52 | 107.00 | 2 | 3 |
| History - American History | 1 | 2 | 0 | 0 | 35 | 44 | 77.33 | 2 | 3 |
| Fine Arts - Visual Fine Arts | 0 | 3 | 1 | 0 | 25 | 103 | 119.00 | 0 | 3 |
| Current Events | 0 | 2 | 0 | 0 | 20 | 113 | 115.00 | 1 | 2 |
| Literature - European Literature | 0 | 2 | 0 | 0 | 20 | 131 | 139.50 | 0 | 2 |
| Religion | 0 | 2 | 0 | 0 | 20 | 115 | 118.50 | 0 | 2 |
| Fine Arts - Auditory Fine Arts | 0 | 1 | 0 | 0 | 10 | 155 | 155.00 | 0 | 1 |
| Mythology | 0 | 1 | 0 | 0 | 10 | 118 | 118.00 | 0 | 1 |
| Philosophy | 0 | 1 | 0 | 0 | 10 | 117 | 117.00 | 0 | 1 |
| Literature - British Literature | 0 | 1 | 0 | 1 | 10 | 157 | 157.00 | 0 | 1 |
| History - World History | 0 | 1 | 1 | 0 | 5 | 97 | 97.00 | 0 | 1 |
| Other Academic | 0 | 0 | 1 | 0 | -5 | 0.00 | 0 | 0 |